Eastern Utah Libraries Catalog: Duchesne, Heber, Roosevelt, & Vernal

Why do ice cubes float? : (Record no. 282569)

MARC details
000 -LEADER
fixed length control field 01946cam a2200481 a 4500
001 - CONTROL NUMBER
control field ocn827852544
003 - CONTROL NUMBER IDENTIFIER
control field OCoLC
005 - DATE AND TIME OF LATEST TRANSACTION
control field 20200320191915.0
008 - FIXED-LENGTH DATA ELEMENTS--GENERAL INFORMATION
fixed length control field 130212s2014 mnua j b 001 0 eng c
010 ## - LIBRARY OF CONGRESS CONTROL NUMBER
LC control number 2013004700
020 ## - INTERNATIONAL STANDARD BOOK NUMBER
International Standard Book Number 9781782123965 (library binding)
020 ## - INTERNATIONAL STANDARD BOOK NUMBER
International Standard Book Number 1782123962 (library binding)
020 ## - INTERNATIONAL STANDARD BOOK NUMBER
Terms of availability 18.24
035 ## - SYSTEM CONTROL NUMBER
System control number (OCoLC)827852544
040 ## - CATALOGING SOURCE
Original cataloging agency NJQ/DLC
Language of cataloging eng
Transcribing agency ZQP
Modifying agency DLC
-- OCLCO
-- BTCTA
-- YDXCP
-- OCLCO
-- OCLCF
-- WACOL
042 ## - AUTHENTICATION CODE
Authentication code pcc
049 ## - LOCAL HOLDINGS (OCLC)
Holding library WACL
050 00 - LIBRARY OF CONGRESS CALL NUMBER
Classification number Q163
Item number .C235 2014
082 04 - DEWEY DECIMAL CLASSIFICATION NUMBER
Classification number 502
Edition number 23
092 ## - LOCALLY ASSIGNED DEWEY CALL NUMBER (OCLC)
Classification number J502
Item number Can
100 1# - MAIN ENTRY--PERSONAL NAME
Personal name Canavan, Thomas.
9 (RLIN) 5885114
245 10 - TITLE STATEMENT
Title Why do ice cubes float? :
Remainder of title questions and answers about the science of everyday materials /
Statement of responsibility, etc Thomas Canavan.
260 ## - PUBLICATION, DISTRIBUTION, ETC. (IMPRINT)
Place of publication, distribution, etc Mankato, Minn. :
Name of publisher, distributor, etc Arcturus :
-- Distributed by Black Rabbit Books,
Date of publication, distribution, etc c2014.
300 ## - PHYSICAL DESCRIPTION
Extent 32 p. :
Other physical details col. ill. ;
Dimensions 28 cm.
490 0# - SERIES STATEMENT
Series statement Science FAQ
521 2# - TARGET AUDIENCE NOTE
Target audience note Grade 4 to 6.
520 ## - SUMMARY, ETC.
Summary, etc "Answers common questions young readers have about a variety of materials"--
-- Provided by publisher.
504 ## - BIBLIOGRAPHY, ETC. NOTE
Bibliography, etc Includes bibliographical references (p. 31) and index.
650 #0 - SUBJECT ADDED ENTRY--TOPICAL TERM
Topical term or geographic name as entry element Science
Form subdivision Miscellanea
-- Juvenile literature.
9 (RLIN) 5714149
650 #0 - SUBJECT ADDED ENTRY--TOPICAL TERM
Topical term or geographic name as entry element Matter
Form subdivision Juvenile literature.
9 (RLIN) 5698506
650 #0 - SUBJECT ADDED ENTRY--TOPICAL TERM
Topical term or geographic name as entry element Children's questions and answers.
9 (RLIN) 81229
650 #7 - SUBJECT ADDED ENTRY--TOPICAL TERM
Topical term or geographic name as entry element Children's questions and answers.
Source of heading or term fast
-- (OCoLC)fst00856515
9 (RLIN) 81229
650 #7 - SUBJECT ADDED ENTRY--TOPICAL TERM
Topical term or geographic name as entry element Matter.
Source of heading or term fast
-- (OCoLC)fst01012448
9 (RLIN) 5885115
650 #7 - SUBJECT ADDED ENTRY--TOPICAL TERM
Topical term or geographic name as entry element Science.
Source of heading or term fast
-- (OCoLC)fst01108176
9 (RLIN) 5885116
655 #7 - INDEX TERM--GENRE/FORM
Genre/form data or focus term Juvenile works.
Source of term fast
-- (OCoLC)fst01411637
9 (RLIN) 5673941
655 #7 - INDEX TERM--GENRE/FORM
Genre/form data or focus term Miscellanea.
Source of term fast
-- (OCoLC)fst01423854
9 (RLIN) 5703980
938 ## -
-- Baker and Taylor
-- BTCP
-- BK0013229465
938 ## -
-- YBP Library Services
-- YANK
-- 10689419
942 ## - ADDED ENTRY ELEMENTS (KOHA)
Koha item type BOOK
948 ## - LOCAL PROCESSING INFORMATION (OCLC); SERIES PART DESIGNATOR (RLIN)
Series part designator, SPT (RLIN) 01/03/2014
b (OCLC) 04/25/2014
z (OCLC) Sirsi
994 ## -
-- 02
-- WACOL
996 ## -
-- 106134
-- 34301001288663
-- JNF
-- bk
-- wcl
-- i
-- 4
-- 18.95
-- knowbuddy
-- 502 Can
-- 04/25/2014
-- 10/07/2019
-- 09/30/2019
Holdings
Withdrawn status Lost status Source of classification or shelving scheme Damaged status Not for loan Collection code Home library Current library Shelving location Date acquired Cost, normal purchase price Total Checkouts Total Renewals Full call number Barcode Date last seen Date checked out Cost, replacement price Price effective from Koha item type
    Dewey Decimal Classification     Junior NonFiction Wasatch County Library Wasatch County Library Second Floor 04/25/2014 18.95 7 1 J 502 Can 34301001288663 12/26/2025 06/06/2024 18.95 03/20/2020 BOOK
This project was made possible through a grant from the Institute of Museum and Library Service administered by the Utah State Library Division.

Wasatch County Library

  • 465 East 1200 South, Heber City, Utah 84032
  • Phone 435-654-1511 | Fax 435-654-6456

Hours

  • Monday - Friday 9:30 AM - 8:00 PM
  • Saturday 9:30 AM - 1:30 PM
  • Closed Sundays and Holidays